000 11154nam a22002297a 4500
005 20251007135800.0
010 _aHIN-130473
020 _a9789383848706
035 _aHN-102819
037 _bDBAD
_a1
082 _a301.154
_21(पुनर्मुद्रण)
100 _aबागड़ी आर
_985407
245 _aगाँधी और समकालीन विश्व/
_cआर बागड़ी...एवं अन्य; विजय कुमार वर्मा द्वारा संपादित
_hहिंदी
260 _aनई दिल्ली
_bपिन्नेकल लर्निंग
_c2023
270 _a24, डी.डी.ए शौपिंग काम्प्लेक्स बेर सराय,
_bनई दिल्ली,
_e110016
_mmarketing.pinnaclelearning@gmail.com
300 _a171 पृष्ठ;
_c21सेमी(अजिल्द)
490 _a
_v
700 _aराठौर दीपिका
_984043
700 _aपांडया श्याम नारयण
_984044
700 _aसिंह कुलदीप
_984045
942 _2ddc
_cHN
_h301.154
_mगांधीस
999 _c213600
_d213600